Finite element method : a practical course /
The Finite Element Method (FEM) has become an indispensable technology for the modelling and simulation of engineering systems. Written for engineers and students alike, the aim of the book is to provide the necessary theories and techniques of the FEM for readers to be able to use a commercial FEM...
| Main Author: | |
|---|---|
| Other Authors: | |
| Format: | eBook |
| Language: | English |
| Published: |
Oxford :
Butterworth-Heinemann,
2003.
|
| Subjects: | |
| Online Access: | Connect to the full text of this electronic book Table of contents Publisher description |
MARC
| Tag | First Indicator | Second Indicator | Subfields |
|---|---|---|---|
| LEADER | 00000cam a2200000Ia 4500 | ||
| 001 | in00002425160 | ||
| 006 | m d | ||
| 007 | cr cn||||||||| | ||
| 008 | 070802s2003 enk s 000 0 eng d | ||
| 005 | 20260609193530.4 | ||
| 020 | |a 9780750658669 | ||
| 020 | |a 0750658665 | ||
| 035 | |a (OCoLC)162129871 | ||
| 037 | |a 96402:96402 |b Elsevier Science & Technology |n http://www.sciencedirect.com | ||
| 040 | |a OPELS |c OPELS |d UtOrBLW | ||
| 049 | |a TEFA | ||
| 050 | 1 | 4 | |a TA347.F5 |b L57 2003eb |
| 082 | 0 | 4 | |a 620.001515353 |2 22 |
| 082 | 0 | 4 | |a 620/.001/51864 |2 22 |
| 100 | 1 | |a Liu, G. R. | |
| 245 | 1 | 0 | |a Finite element method : |b a practical course / |c G.R. Liu, S. Quek. |
| 264 | 1 | |a Oxford : |b Butterworth-Heinemann, |c 2003. | |
| 300 | |a xv, 348 pages : |b illustrations ; |c 24 cm. | ||
| 336 | |a text |b txt |2 rdacontent | ||
| 337 | |a computer |b c |2 rdamedia | ||
| 338 | |a online resource |b cr |2 rdacarrier | ||
| 533 | |a Electronic reproduction. |b Amsterdam : |c Elsevier Science & Technology, |d 2007. |n Mode of access: World Wide Web. |n System requirements: Web browser. |n Title from title screen (viewed on July 25, 2007). |n Access may be restricted to users at subscribing institutions. | ||
| 520 | |a The Finite Element Method (FEM) has become an indispensable technology for the modelling and simulation of engineering systems. Written for engineers and students alike, the aim of the book is to provide the necessary theories and techniques of the FEM for readers to be able to use a commercial FEM package to solve primarily linear problems in mechanical and civil engineering with the main focus on structural mechanics and heat transfer. Fundamental theories are introduced in a straightforward way, and state-of-the-art techniques for designing and analyzing engineering systems, including microstructural systems are explained in detail. Case studies are used to demonstrate these theories, methods, techniques and practical applications, and numerous diagrams and tables are used throughout. The case studies and examples use the commercial software package ABAQUS, but the techniques explained are equally applicable for readers using other applications including NASTRAN, ANSYS, MARC, etc. Full sets of PowerPoint slides developed by the authors for their course on FEM are available as a free download from a companion website. * A practical and accessible guide to this complex, yet important subject * Covers modeling techniques that predict how components will operate and tolerate loads, stresses and strains in reality * Full set of PowerPoint presentation slides which illustrate and support the book are available on a companion website. | ||
| 505 | 0 | |a Preface; Computational modelling; Introduction to mechanics for solids and structures; The Finite Element Method; FEM for trusses; FEM for beams; FEM for frames; FEM for two-dimensional solids; FEM for plates and shells; FEM for 3D solids; Special purpose elements; Modelling techniques; FEM for heat transfer problems; Using ABAQUS; References; Index. | |
| 504 | |a Includes bibliographical references and index. | ||
| 500 | |a Electronic resource. | ||
| 650 | 0 | |a Finite element method. | |
| 655 | 7 | |a Electronic books. |2 local | |
| 700 | 1 | |a Quek, S. | |
| 730 | 0 | |a Referex. | |
| 776 | 1 | |c Original |z 0750658665 |z 9780750658669 |w (DLC) 2004301664 |w (OCoLC)51234350 | |
| 856 | 4 | 0 | |u http://proxy.library.tamu.edu/login?url=https://www.sciencedirect.com/science/book/9780750658669 |z Connect to the full text of this electronic book |t 0 |
| 856 | 4 | 2 | |3 Table of contents |u http://www.loc.gov/catdir/toc/els051/2004301664.html |t 0 |
| 856 | 4 | 2 | |3 Publisher description |u http://www.loc.gov/catdir/description/els051/2004301664.html |t 0 |
| 994 | |a C0 |b TEF | ||
| 999 | |a MARS | ||
| 999 | f | f | |s a1762192-febf-3a45-bede-3736f0a56d27 |i f1fcb2f3-8ffb-30a4-8d59-622f0d0fc562 |t 0 |
| 952 | f | f | |a Texas A&M University |b College Station |c Electronic Resources |s www_evans |d Available Online |t 0 |e TA347.F5 L57 2003eb |h Library of Congress classification |
| 998 | f | f | |a TA347.F5 L57 2003eb |t 0 |l Available Online |